| 000 | 00645nam a2200193 a 4500 | ||
|---|---|---|---|
| 001 | 000042314 | ||
| 005 | 20201002040055.0 | ||
| 008 | 131122s1975 sp 000 0 spa d | ||
| 020 | _a840181023X | ||
| 040 |
_aDO-SdBNP _bspa _cBNPHU |
||
| 082 |
_axxx _bM386a |
||
| 100 | 1 |
_aMartinson, Harry _d1904- _969368 |
|
| 245 | 1 | 0 |
_aAntología Poética / _cHarry Martinson ; Versión de Francisco J. Uriz. |
| 260 |
_aBarcelona : _bPlaza & Janés _bEsplugas de Llobregat, _c1975. |
||
| 300 |
_a242 p ; _c20 cm. |
||
| 490 | 1 | _aSelecciones de poesía universal | |
| 586 | _aPremio Nobel de Literatura 1974 | ||
| 830 | 0 |
_aSelecciones de poesía universal _969369 |
|
| 999 |
_c41803 _d41803 |
||